Vzaimodejstvije naučno-techničeskogo i social'nogo progressa Sbornik naučnych trudov

Gespeichert in:
Bibliographische Detailangaben
Format: Buch
Sprache:Russisch
Veröffentlicht: Novosibirsk Nauka 1989
Ausgabe:1. izd.
Tags: Tag hinzufügen
Keine Tags, Fügen Sie das erste Tag hinzu!

MARC

LEADER 00000nam a2200000 4500
001 c033277
005 20250516120508.9
041 0 |a rus 
044 |a RU 
245 1 0 |a Vzaimodejstvije naučno-techničeskogo i social'nogo progressa  |b Sbornik naučnych trudov  |c Zodp. red. V.I. Bojko 
250 |a 1. izd. 
264 1 |a Novosibirsk  |b Nauka  |c 1989 
300 |a 269 s.